000 01300nam a22004097a 4500
001 BR8104476
003 BR-BrBNA
005 20230928091018.0
007 ta
008 230509b bl.||||| |||| 00| 0 por d
040 _aBR-BrBNA
_bpor
_cBiblioteca Nacional de Agricultura
041 _a(Por)
072 _aF00
_b0180
_b/G514
090 _ 0180 BR8104476
100 1 _aMendonca, F.J.
100 1 _aLima, A.M. de
100 1 _aTardin, A.T.
100 1 _aSantos, A.P. dos
100 1 _aCottrell, D.A.
100 1 _aLee, D.C.L.
100 1 _aMaia, F.C.S.
100 1 _aLucht, L.A.M.
100 1 _aMoreira, M.A.
100 1 _aNovaes, R.A.
100 1 _aShimabukuro, Y.E.
110 1 _aInstituto de Pesquisas Espaciais, Sao Jose dos Campos, SP (Brasil)
111 1 _a11. Congresso Brasileiro de Engenharia Agricola
_cBrasilia, DF (Brazil)
_d22 Jun 1981
245 1 _aUtilizacao do filme aerochrome do tipo 2443 para identificacao e avaliacao de areas ocupadas com trigo [Rio Grande do Sul, Brasil]
_bINPE-2197-PRE/006
260 3 _aSao Jose dos Campos, SP (Brasil):
_c1981.
300 _a9 p.
500 _aSummaries (Eng, Por)
650 _aTRIGO
650 _aSENSORIAMENTO REMOTO
650 _aRIO GRANDE DO SUL
909 _a202309
_bLucia
_c55
_dLucia Elande
942 _cBK
999 _c31749
_d31749